[Event "Voronezh op-A 18th"]
[Site "Voronezh"]
[Date "2014.06.20"]
[Round "8"]
[White "Zenzera, Alexey"]
[Black "Ponomariov, Timur"]
[Result "1/2-1/2"]
[WhiteElo "2454"]
[BlackElo "2250"]
[PlyCount "168"]
[EventDate "2014.06.12"]
[EventType "swiss"]
[EventRounds "9"]
[EventCountry "RUS"]
[SourceTitle "CBM 160 Extra"]
[Source "ChessBase"]
[SourceDate "2014.07.01"]
[SourceVersion "1"]
[SourceVersionDate "2014.07.01"]
[SourceQuality "1"]

1. c4 e6 2. Nf3 Nf6 3. g3 d5 4. Bg2 Be7 5. 0-0 0-0 6. b3 c5 7. e3 Nc6 8. Bb2 d4 9. exd4 cxd4 10. d3 e5 11. Re1 Bb4 12. Nbd2 Re8 13. a3 Bxd2 14. Nxd2 Bg4 15. Bf3 Qd7 16. Ne4 Bxf3 17. Nxf6+ gxf6 18. Qxf3 f5 19. b4 Qe6 20. b5 e4 21. Qh5 Ne5 22. Bxd4 Nf3+ 23. Qxf3 exf3 24. Rxe6 fxe6 25. Be5 Kf7 26. Kf1 a6 27. b6 Rac8 28. Bc7 e5 29. Rd1 Re6 30. Ke1 Rc6 31. Kd2 e4 32. Ke3 exd3 33. Rxd3 Re8+ 34. Kxf3 Rxc4 35. Bf4 Re6 36. Be3 Rcc6 37. Rd7+ Re7 38. Rd8 Ke6 39. Kf4 Rc3 40. Kg5 Rg7+ 41. Kh6 Rd7 42. Re8+ Re7 43. Rb8 Rf7 44. Re8+ Kd5 45. a4 Rc6+ 46. Kh5 Kc4 47. a5 Rd7 48. Kg5 Rf7 49. Re5 Rg6+ 50. Kf4 Rg4+ 51. Kf3 Kb4 52. Bd2+ Ka4 53. Bf4 Rg6 54. h4 Rc6 55. Bd2 Rc2 56. Rd5 Rb2 57. h5 Rb5 58. Rd8 Rc5 59. h6 Kb5 60. Kf4 Kc4 61. Rg8 Rd5 62. Rg7 Rd4+ 63. Ke5 Rdd7 64. Rxf7 Rxf7 65. Ke6 Rf8 66. Ke7 Rg8 67. Kf6 Kd3 68. Bf4 Ke4 69. Ke6 Rc8 70. Kf7 Rd8 71. Ke6 Rc8 72. Kf7 Kd5 73. Bc7 Ra8 74. f3 Rc8 75. g4 fxg4 76. fxg4 Ra8 77. Kg7 Ke6 78. Kxh7 Kf7 79. Be5 Re8 80. g5 Re6 81. Bd4 Rc6 82. Be5 Re6 83. Bf6 Re8 84. Bg7 Re6 1/2-1/2

[Event "Voronezh op-A 18th"]
[Site "Voronezh"]
[Date "2014.06.16"]
[Round "5"]
[White "Kretov, Evgenij"]
[Black "Zenzera, Alexey"]
[Result "1/2-1/2"]
[WhiteElo "2278"]
[BlackElo "2454"]
[PlyCount "126"]
[EventDate "2014.06.12"]
[EventType "swiss"]
[EventRounds "9"]
[EventCountry "RUS"]
[SourceTitle "CBM 160 Extra"]
[Source "ChessBase"]
[SourceDate "2014.07.01"]
[SourceVersion "1"]
[SourceVersionDate "2014.07.01"]
[SourceQuality "1"]

1. d4 Nf6 2. c4 g6 3. Nc3 d5 4. cxd5 Nxd5 5. Bd2 Bg7 6. e4 Nb6 7. Be3 0-0 8. h3 e5 9. Nf3 exd4 10. Nxd4 N8d7 11. Qc2 Ne5 12. b3 Qe7 13. Rd1 a6 14. Be2 c5 15. Nf3 Nxf3+ 16. Bxf3 Be6 17. 0-0 Rac8 18. Nd5 Bxd5 19. exd5 Qd6 20. Rfe1 Rfe8 21. g3 Nd7 22. a4 b5 23. axb5 axb5 24. Rb1 h5 25. h4 Rxe3 26. Rxe3 Bd4 27. Re4 Qxg3+ 28. Bg2 Qb8 29. Rc1 Rd8 30. b4 Qd6 31. Kf1 Qf6 32. Qd2 Ra8 33. Bh3 Qf3 34. Bg2 Qf6 35. Bh3 Qf3 36. Bg2 Qa3 37. d6 Rd8 38. Rd1 Nf8 39. bxc5 Bxc5 40. Qe2 b4 41. Re5 b3 42. Bd5 Rd7 43. Bxb3 Bxf2 44. Kxf2 Qxb3 45. Re3 Qb4 46. Re4 Qb6+ 47. Qe3 Rxd6 48. Qxb6 Rxb6 49. Rd8 Kg7 50. Kg3 Ne6 51. Rd5 Kf6 52. Ra5 Ng7 53. Rc5 Nf5+ 54. Kh3 Rb3+ 55. Kh2 Rb2+ 56. Kh3 Rb3+ 57. Kh2 Rd3 58. Rc8 Nd6 59. Rf4+ Ke6 60. Rc7 Ra3 61. Kg2 Nf5 62. Rc5 Ne3+ 63. Kh2 Nf5 1/2-1/2

[Event "Voronezh op-A 18th"]
[Site "Voronezh"]
[Date "2014.06.15"]
[Round "4"]
[White "Zenzera, Alexey"]
[Black "Kukhmazov, Arsen"]
[Result "1/2-1/2"]
[WhiteElo "2454"]
[BlackElo "2271"]
[PlyCount "80"]
[EventDate "2014.06.12"]
[EventType "swiss"]
[EventRounds "9"]
[EventCountry "RUS"]
[SourceTitle "CBM 160 Extra"]
[Source "ChessBase"]
[SourceDate "2014.07.01"]
[SourceVersion "1"]
[SourceVersionDate "2014.07.01"]
[SourceQuality "1"]

1. c4 c6 2. e4 d5 3. exd5 cxd5 4. cxd5 Nf6 5. Bb5+ Nbd7 6. Nc3 a6 7. Bxd7+ Qxd7 8. Nf3 Nxd5 9. 0-0 e6 10. Ne5 Nxc3 11. dxc3 Qxd1 12. Rxd1 Bc5 13. b4 Bb6 14. a4 Bc7 15. Nc4 Bd7 16. Be3 Rd8 17. b5 Rc8 18. bxa6 bxa6 19. g3 Bc6 20. Bb6 Bd5 21. Bxc7 Rxc7 22. Nb6 Rxc3 23. Nxd5 exd5 24. Rxd5 0-0 25. Rd6 Ra8 26. Rad1 Kf8 27. Rb6 g6 28. Rd5 a5 29. Rd7 Kg7 30. Rbb7 Rf3 31. Kg2 Rf6 32. Rb5 Rc6 33. Rbb7 Rf6 34. Rd3 Rc8 35. Ra7 Rc5 36. Rf3 Rff5 37. Rxf5 Rxf5 38. Ra6 h5 39. h4 Kf8 40. Ra7 Kg7 1/2-1/2

[Event "Voronezh op-A 18th"]
[Site "Voronezh"]
[Date "2014.06.12"]
[Round "1"]
[White "Arshaev, Ajush"]
[Black "Zenzera, Alexey"]
[Result "0-1"]
[WhiteElo "2147"]
[BlackElo "2454"]
[PlyCount "98"]
[EventDate "2014.06.12"]
[EventType "swiss"]
[EventRounds "9"]
[EventCountry "RUS"]
[SourceTitle "CBM 160 Extra"]
[Source "ChessBase"]
[SourceDate "2014.07.01"]
[SourceVersion "1"]
[SourceVersionDate "2014.07.01"]
[SourceQuality "1"]

1. d4 Nf6 2. c4 e6 3. Nf3 Bb4+ 4. Nbd2 d5 5. e3 0-0 6. a3 Bxd2+ 7. Qxd2 b6 8. b3 Ba6 9. Bb2 Nc6 10. Bd3 Na5 11. Qc2 Rc8 12. 0-0 c5 13. Ne5 cxd4 14. Bxd4 dxc4 15. bxc4 Bxc4 16. Nxc4 Nxc4 17. Bxc4 b5 18. Rfd1 bxc4 19. Bxa7 Qc7 20. Bd4 Nd5 21. a4 Nb4 22. Qc3 Nd5 23. Qc2 c3 24. e4 Nb4 25. Qb3 c2 26. Rf1 c1Q 27. Raxc1 Qxc1 28. Qxb4 Qc2 29. a5 Rc4 30. Qb6 Qxe4 31. Be3 Qc6 32. Rd1 f5 33. g3 e5 34. Rd6 Qxb6 35. axb6 f4 36. gxf4 exf4 37. Bd4 Kf7 38. Be5 Re4 39. Bd4 Rb8 40. Bc5 Rc4 41. Rc6 g5 42. Kg2 Rc3 43. Rc7+ Ke6 44. h3 h6 45. h4 gxh4 46. Bd6 Rg8+ 47. Kh2 Rf3 48. Bc5 h3 49. b7 Rb3 0-1